00515nam a2200181Ia 450000500170000000800410001702000150005808200160007310000210008924500570011026000120016730000160017965000090019565000120020494200060021695200960022299900150031820240529010333.0240331s9999 xx 000 0 und d a9559521705 bRAJa340.09 aRajepakse, Ruana 3aAn introduction to Law in Sri LankacRuana Rajepakse aColombo ai, 100 p ., a Law aSociety cL 001040708LaWERCLbWERCLcSSCd2024-03-31l0o 340. RAJp1088r2024-03-31w2024-03-31yL c2823d2823